000 00683nam a2200289Ia 4500
005 20260324112013.0
008 008 260324s9999 xx 000 0 eng d
020 _a9781003428701
037 _aEBOOK
040 _aCRL
040 _beng
040 _cCRL
041 _2eng
041 _aeng
084 _qCRL
100 _aMarzena Żakowska; David Last
_91140908
245 0 _aModern War and Grey Zones
245 0 _bDesign for Small States
260 _bTaylor and Francis
260 _c2025
365 _a
365 _b230
856 _uhttp://www.taylorfrancis.com/books/9781003428701
942 _cEBOOK
999 _c1729927
_d1729927